00381nam a2200145Ia 4500008004100000020001500041041001200056082001600068100001700084245007400101260002500175300000800200650001400208700001300222221030s9999 xx 000 0 und d a0074635581 aEnglish a105.23bCur aD. P. Curtin 0aInformation Technology - The Breaking Wavecby D. P. Curtin, K. Foley bTMHaNew Delhic2005 a300 aComputers aK. Foley